Un filántropo albacetense (Record no. 100689)

MARC details
000 -LEADER
campo de control de longitud fija 00514nam a2200157 i 4500
001 - NÚMERO DE CONTROL
campo de control 100689
003 - IDENTIFICADOR DE NÚMERO DE CONTROL
campo de control ES-MaACL
005 - FECHA Y HORA DE LA ÚLTIMA TRANSACCIÓN
campo de control 20230906182727.0
007 - CAMPO FIJO DE DESCRIPCIÓN FÍSICA--INFORMACIÓN GENERAL
campo de control de longitud fija t|
008 - DATOS DE LONGITUD FIJA--INFORMACIÓN GENERAL
campo de control de longitud fija 051004s1908 sp ||||1| spa d
100 1# - ENTRADA PRINCIPAL--NOMBRE DE PERSONA
Nombre de persona Mateos y Sotos, Rafael.
9 (RLIN) 78991
245 10 - MENCIÓN DEL TÍTULO
Título Un filántropo albacetense
Resto del título : treinta y seis mil pesos legados por el Capitán D. Bernabé de Cantos /
Mención de responsabilidad, etc. Rafael Mateos y Sotos.
260 ## - PUBLICACIÓN, DISTRIBUCIÓN, ETC.
Lugar de publicación, distribución, etc. Albacete :
Nombre del editor, distribuidor, etc. [s.n.],
Fecha de publicación, distribución, etc. 1908 (
Fabricante La Económica)
300 ## - DESCRIPCIÓN FÍSICA
Extensión 62 p. ;
Dimensiones 8º.
852 ## - LOCALIZACIÓN
Ubicación ES-MaACL
Número de control de estantería 1657-F-5
Holdings
Estatus retirado Estado de pérdida Estado de daño No para préstamo Colección Biblioteca de origen Biblioteca actual Ubicación en estantería Fecha de adquisición Fuente de adquisición Total de préstamos Signatura topográfica completa Código de barras Visto por última vez Precio de reemplazo Tipo de ítem Koha
        Colección de folletos Biblioteca del Ateneo de Madrid Biblioteca del Ateneo de Madrid Depósito folletos 17/01/2008     1657-F-5 1105125 23/02/2023 23/02/2023 Folleto